[Event "T-Director's Swiss sytem"]
[Site "playchess.com #662980"]
[Date "2014.03.16"]
[Round "6"]
[White "LovePoetry"]
[Black "vachefolle"]
[Result "1-0"]
[WhiteElo "1665"]
[BlackElo "1611"]
[PlyCount "89"]
[EventDate "2014.03.16"]
[EventType "swiss (blitz)"]

1. e4 {[%emt 0:00:02]} Nf6 {[%emt 0:00:04]} 2. e5 {[%emt 0:00:03]} Nd5 {[%emt
0:00:01]} 3. Nc3 {[%emt 0:00:02]} Nxc3 {[%emt 0:00:04]} 4. dxc3 {[%emt 0:00:02]
} d6 {[%emt 0:00:02]} 5. Nf3 {[%emt 0:00:04]} Bg4 {[%emt 0:00:02]} 6. Be2 {
[%emt 0:00:01]} e6 {[%emt 0:00:03]} 7. Bf4 {[%emt 0:00:03]} Be7 {[%emt 0:00:04]
} 8. h3 {[%emt 0:00:07]} Bh5 {[%emt 0:00:02]} 9. g4 {[%emt 0:00:09]} Bg6 {
[%emt 0:00:02]} 10. Bd3 {[%emt 0:00:09]} Bxd3 {[%emt 0:00:03]} 11. Qxd3 {[%emt
0:00:04]} Nc6 {[%emt 0:00:02]} 12. O-O-O {[%emt 0:00:06]} d5 {[%emt 0:00:04]}
13. a3 {[%emt 0:00:33]} Qd7 {[%emt 0:00:10]} 14. Nd4 {[%emt 0:00:07]} Nxd4 {
[%emt 0:00:15]} 15. cxd4 {[%emt 0:00:07]} O-O-O {[%emt 0:00:05]} 16. Bd2 {
[%emt 0:00:05]} Qc6 {[%emt 0:00:31]} 17. f4 {[%emt 0:00:02]} g6 {[%emt 0:00:11]
} 18. h4 {[%emt 0:00:06]} h6 {[%emt 0:00:26]} 19. Bb4 {[%emt 0:00:02]} Bxb4 {
[%emt 0:00:03]} 20. axb4 {[%emt 0:00:01]} Qb6 {[%emt 0:00:03]} 21. c3 {[%emt 0:
00:13]} a5 {[%emt 0:00:02]} 22. bxa5 {[%emt 0:00:11]} Qxa5 {[%emt 0:00:02]} 23.
Kd2 {[%emt 0:00:09]} Qa2 {[%emt 0:00:05]} 24. Qc2 {[%emt 0:00:02]} Qc4 {[%emt
0:00:19]} 25. Ra1 {[%emt 0:00:10]} c5 {[%emt 0:00:10]} 26. Ra4 {[%emt 0:00:21]}
Qb5 {[%emt 0:00:02]} 27. Rha1 {[%emt 0:00:02]} c4 {[%emt 0:00:10]} 28. Rb4 {
[%emt 0:00:09]} Qc6 {[%emt 0:00:16]} 29. Qa4 {[%emt 0:00:12]} Qxa4 {[%emt 0:00:
05]} 30. Raxa4 {[%emt 0:00:03]} Kc7 {[%emt 0:00:02]} 31. Ra7 {[%emt 0:00:07]}
Rb8 {[%emt 0:00:03]} 32. Ke3 {[%emt 0:00:08]} Rhc8 {[%emt 0:00:15]} 33. f5 {
[%emt 0:00:14]} gxf5 {[%emt 0:00:03]} 34. gxf5 {[%emt 0:00:01]} Rg8 {[%emt 0:
00:03]} 35. Kf4 {[%emt 0:00:05]} Rg1 {[%emt 0:00:06]} 36. fxe6 {[%emt 0:00:11]}
fxe6 {[%emt 0:00:05]} 37. Ke3 {[%emt 0:00:27]} Rg4 {[%emt 0:00:08]} 38. Ra5 {
[%emt 0:00:02]} Rxh4 {[%emt 0:00:04]} 39. Rc5+ {[%emt 0:00:01]} Kd7 {[%emt 0:
00:06]} 40. Rb6 {[%emt 0:00:01]} h5 {[%emt 0:00:09]} 41. Rd6+ {[%emt 0:00:03]}
Ke7 {[%emt 0:00:07]} 42. Rc7+ {[%emt 0:00:01]} Ke8 {[%emt 0:00:12]} 43. Rxe6+ {
[%emt 0:00:01]} Kf8 {[%emt 0:00:12]} 44. Rh6 {[%emt 0:00:03]} Rh1 {[%emt 0:00:
02]} 45. Rh8# {[%emt 0:00:02]} 1-0

[Event "T-Director's Swiss sytem"]
[Site "playchess.com #662980"]
[Date "2014.03.16"]
[Round "4"]
[White "Marcelciubotariu"]
[Black "Behraouid"]
[Result "1-0"]
[WhiteElo "1668"]
[BlackElo "1551"]
[PlyCount "53"]
[EventDate "2014.03.16"]
[EventType "swiss (blitz)"]

1. d4 {[%emt 0:00:01]} d5 {[%emt 0:00:05]} 2. Nf3 {[%emt 0:00:04]} Nf6 {[%emt
0:00:05]} 3. e3 {[%emt 0:00:10]} e6 {[%emt 0:00:01]} 4. Bd3 {[%emt 0:00:02]}
Be7 {[%emt 0:00:02]} 5. O-O {[%emt 0:00:02]} O-O {[%emt 0:00:07]} 6. Nbd2 {
[%emt 0:00:01]} Nbd7 {[%emt 0:00:06]} 7. b3 {[%emt 0:00:05]} c5 {[%emt 0:00:01]
} 8. Bb2 {[%emt 0:00:02]} cxd4 {[%emt 0:00:03]} 9. exd4 {[%emt 0:00:04]} Qc7 {
[%emt 0:00:02]} 10. Qe2 {[%emt 0:00:05]} Bd6 {[%emt 0:00:07]} 11. Ne5 {[%emt 0:
00:10]} Ne8 {[%emt 0:00:12]} 12. Rae1 {[%emt 0:00:08]} f6 {[%emt 0:00:04]} 13.
Bxh7+ {[%emt 0:00:21]} Kh8 {[%emt 0:00:16]} 14. Ng6+ {[%emt 0:00:08]} Kxh7 {
[%emt 0:00:02]} 15. Qh5+ {[%emt 0:00:02]} Kg8 {[%emt 0:00:02]} 16. Qh8+ {[%emt
0:00:05]} Kf7 {[%emt 0:00:01]} 17. Nxf8 {[%emt 0:00:03]} Nxf8 {[%emt 0:00:02]}
18. c4 {[%emt 0:00:16]} Ng6 {[%emt 0:00:09]} 19. Qh5 {[%emt 0:00:03]} Bf4 {
[%emt 0:00:08]} 20. Nf3 {[%emt 0:00:08]} Nd6 {[%emt 0:00:15]} 21. Nh4 {[%emt 0:
00:03]} Bxh2+ {[%emt 0:00:35]} 22. Kh1 {[%emt 0:00:06]} Nf5 {[%emt 0:00:29]}
23. Qxg6+ {[%emt 0:00:03]} Kf8 {[%emt 0:00:01]} 24. Ba3+ {[%emt 0:00:09]} Bd6 {
[%emt 0:00:10]} 25. Bxd6+ {[%emt 0:00:06]} Qxd6 {[%emt 0:00:05]} 26. Nxf5 {
[%emt 0:00:02]} exf5 {[%emt 0:00:01]} 27. Re8# {[%emt 0:00:02]} 1-0

[Event "T-Director's Swiss sytem"]
[Site "playchess.com #662980"]
[Date "2014.03.16"]
[Round "9"]
[White "Marcelciubotariu"]
[Black "Kingston Town"]
[Result "0-1"]
[WhiteElo "1694"]
[BlackElo "1999"]
[PlyCount "68"]
[EventDate "2014.03.16"]
[EventType "swiss (blitz)"]

1. d4 {[%emt 0:00:02]} Nf6 {[%emt 0:00:03]} 2. Nf3 {[%emt 0:00:04]} g6 {[%emt
0:00:03]} 3. g3 {[%emt 0:00:12]} Bg7 {[%emt 0:00:00]} 4. Bg2 {[%emt 0:00:02]}
O-O {[%emt 0:00:00]} 5. O-O {[%emt 0:00:01]} c5 {[%emt 0:00:02]} 6. c3 {[%emt
0:00:02]} cxd4 {[%emt 0:00:02]} 7. cxd4 {[%emt 0:00:02]} d5 {[%emt 0:00:00]} 8.
Nc3 {[%emt 0:00:02]} Nc6 {[%emt 0:00:02]} 9. Re1 {[%emt 0:00:03]} Ne4 {[%emt 0:
00:09]} 10. Be3 {[%emt 0:00:07]} Nxc3 {[%emt 0:00:03]} 11. bxc3 {[%emt 0:00:02]
} Na5 {[%emt 0:00:00]} 12. Nd2 {[%emt 0:00:05]} e6 {[%emt 0:00:03]} 13. Rb1 {
[%emt 0:00:05]} a6 {[%emt 0:00:02]} 14. Nb3 {[%emt 0:00:13]} Nc4 {[%emt 0:00:
02]} 15. Bc1 {[%emt 0:00:06]} b5 {[%emt 0:00:02]} 16. Nc5 {[%emt 0:00:03]} Bd7
{[%emt 0:00:04]} 17. a4 {[%emt 0:00:03]} bxa4 {[%emt 0:00:03]} 18. Nxa4 {[%emt
0:00:02]} Bxa4 {[%emt 0:00:02]} 19. Qxa4 {[%emt 0:00:03]} Qc7 {[%emt 0:00:01]}
20. Bf4 {[%emt 0:00:10]} Qa5 {[%emt 0:00:10]} 21. Qxa5 {[%emt 0:00:02]} Nxa5 {
[%emt 0:00:00]} 22. Rec1 {[%emt 0:00:08]} Rfc8 {[%emt 0:00:01]} 23. Bd6 {[%emt
0:00:02]} Nc4 {[%emt 0:00:02]} 24. Bc5 {[%emt 0:00:02]} Bf8 {[%emt 0:00:01]}
25. Bxf8 {[%emt 0:00:05]} Kxf8 {[%emt 0:00:00]} 26. e3 {[%emt 0:00:07]} a5 {
[%emt 0:00:03]} 27. Bf1 {[%emt 0:00:01]} Nd2 {[%emt 0:00:05]} 28. Ra1 {[%emt 0:
00:02]} Nb3 {[%emt 0:00:02]} 29. Rab1 {[%emt 0:00:03]} Nxc1 {[%emt 0:00:02]}
30. Rxc1 {[%emt 0:00:01]} a4 {[%emt 0:00:00]} 31. c4 {[%emt 0:00:06]} dxc4 {
[%emt 0:00:02]} 32. Bxc4 {[%emt 0:00:02]} a3 {[%emt 0:00:00]} 33. Rc2 {[%emt 0:
00:05]} Rxc4 {[%emt 0:00:03]} 34. Rxc4 {[%emt 0:00:02]} a2 {[%emt 0:00:00]
Marcelciubotariu resigns} 0-1

[Event "T-Director's Swiss sytem"]
[Site "playchess.com #662980"]
[Date "2014.03.16"]
[Round "6"]
[White "Marcelciubotariu"]
[Black "Marcounet06"]
[Result "1-0"]
[WhiteElo "1676"]
[BlackElo "1601"]
[PlyCount "137"]
[EventDate "2014.03.16"]
[EventType "swiss (blitz)"]

1. d4 {[%emt 0:00:01]} c5 {[%emt 0:00:01]} 2. e3 {[%emt 0:00:04]} cxd4 {[%emt
0:00:01]} 3. exd4 {[%emt 0:00:01]} g6 {[%emt 0:00:00]} 4. Nf3 {[%emt 0:00:02]}
Bg7 {[%emt 0:00:00]} 5. g3 {[%emt 0:00:06]} d6 {[%emt 0:00:16]} 6. Bg2 {[%emt
0:00:02]} Nc6 {[%emt 0:00:04]} 7. O-O {[%emt 0:00:04]} Nf6 {[%emt 0:00:02]} 8.
Re1 {[%emt 0:00:05]} O-O {[%emt 0:00:04]} 9. c3 {[%emt 0:00:03]} Bg4 {[%emt 0:
00:08]} 10. Nbd2 {[%emt 0:00:20]} Re8 {[%emt 0:00:19]} 11. Qa4 {[%emt 0:00:04]}
Bd7 {[%emt 0:00:18]} 12. Ne4 {[%emt 0:00:20]} Nxe4 {[%emt 0:00:20]} 13. Rxe4 {
[%emt 0:00:03]} Nxd4 {[%emt 0:00:03]} 14. Qd1 {[%emt 0:00:09]} Nxf3+ {[%emt 0:
00:03]} 15. Bxf3 {[%emt 0:00:02]} Bc6 {[%emt 0:00:01]} 16. Re1 {[%emt 0:00:09]}
Bxf3 {[%emt 0:00:08]} 17. Qxf3 {[%emt 0:00:02]} Qb6 {[%emt 0:00:03]} 18. Rb1 {
[%emt 0:00:15]} Qc6 {[%emt 0:00:07]} 19. Qe2 {[%emt 0:00:04]} e5 {[%emt 0:00:
12]} 20. Be3 {[%emt 0:00:02]} d5 {[%emt 0:00:04]} 21. Qd2 {[%emt 0:00:08]} a6 {
[%emt 0:00:09]} 22. Rbd1 {[%emt 0:00:04]} Rad8 {[%emt 0:00:20]} 23. Bg5 {[%emt
0:00:02]} f6 {[%emt 0:00:05]} 24. Bh6 {[%emt 0:00:04]} d4 {[%emt 0:00:03]} 25.
Bxg7 {[%emt 0:00:03]} Kxg7 {[%emt 0:00:01]} 26. cxd4 {[%emt 0:00:15]} Rxd4 {
[%emt 0:00:04]} 27. Qe3 {[%emt 0:00:04]} Red8 {[%emt 0:00:03]} 28. Rc1 {[%emt
0:00:07]} Qd6 {[%emt 0:00:08]} 29. Qb3 {[%emt 0:00:09]} Qb4 {[%emt 0:00:11]}
30. Qe6 {[%emt 0:00:05]} R8d7 {[%emt 0:00:41]} 31. a3 {[%emt 0:00:04]} Qxb2 {
[%emt 0:00:04]} 32. Rc8 {[%emt 0:00:02]} Qxa3 {[%emt 0:00:13]} 33. Rg8+ {[%emt
0:00:05]} Kh6 {[%emt 0:00:02]} 34. Qxf6 {[%emt 0:00:01]} Qe7 {[%emt 0:00:10]}
35. Qf3 {[%emt 0:00:09]} e4 {[%emt 0:00:06]} 36. Qg2 {[%emt 0:00:08]} Qg5 {
[%emt 0:00:11]} 37. h4 {[%emt 0:00:10]} Qg4 {[%emt 0:00:07]} 38. Re8 {[%emt 0:
00:17]} Rd1 {[%emt 0:00:22]} 39. Rxd1 {[%emt 0:00:19]} Rxd1+ {[%emt 0:00:04]}
40. Kh2 {[%emt 0:00:01]} Qf3 {[%emt 0:00:07]} 41. Rxe4 {[%emt 0:00:09]} Qxg2+ {
[%emt 0:00:02]} 42. Kxg2 {[%emt 0:00:01]} Rd7 {[%emt 0:00:03]} 43. g4 {[%emt 0:
00:04]} b5 {[%emt 0:00:04]} 44. Re6 {[%emt 0:00:04]} Ra7 {[%emt 0:00:09]} 45.
Rb6 {[%emt 0:00:02]} Kg7 {[%emt 0:00:01]} 46. Kg3 {[%emt 0:00:02]} Kf7 {[%emt
0:00:01]} 47. Kf4 {[%emt 0:00:03]} h6 {[%emt 0:00:05]} 48. h5 {[%emt 0:00:06]}
g5+ {[%emt 0:00:07]} 49. Kf5 {[%emt 0:00:02]} Kg7 {[%emt 0:00:00]} 50. Rg6+ {
[%emt 0:00:05]} Kh7 {[%emt 0:00:05]} 51. f3 {[%emt 0:00:07]} Rf7+ {[%emt 0:00:
02]} 52. Ke4 {[%emt 0:00:02]} Rf4+ {[%emt 0:00:03]} 53. Ke3 {[%emt 0:00:01]}
Ra4 {[%emt 0:00:02]} 54. Rb6 {[%emt 0:00:06]} b4 {[%emt 0:00:01]} 55. Rb7+ {
[%emt 0:00:08]} Kg8 {[%emt 0:00:01]} 56. Ke4 {[%emt 0:00:03]} b3+ {[%emt 0:00:
02]} 57. Kf5 {[%emt 0:00:01]} Rf4+ {[%emt 0:00:01]} 58. Kg6 {[%emt 0:00:01]}
Kf8 {[%emt 0:00:01]} 59. Rxb3 {[%emt 0:00:06]} a5 {[%emt 0:00:03]} 60. Kxh6 {
[%emt 0:00:01]} a4 {[%emt 0:00:02]} 61. Ra3 {[%emt 0:00:01]} Kf7 {[%emt 0:00:
04]} 62. Kxg5 {[%emt 0:00:01]} Rb4 {[%emt 0:00:02]} 63. f4 {[%emt 0:00:02]} Kg7
{[%emt 0:00:03]} 64. f5 {[%emt 0:00:04]} Kh7 {[%emt 0:00:04]} 65. Rc3 {[%emt 0:
00:04]} Rb3 {[%emt 0:00:01]} 66. Rc7+ {[%emt 0:00:02]} Kg8 {[%emt 0:00:01]} 67.
Kg6 {[%emt 0:00:02]} Rb6+ {[%emt 0:00:01]} 68. f6 {[%emt 0:00:02]} Kf8 {[%emt
0:00:00]} 69. Rc8# {[%emt 0:00:03]} 1-0

[Event "T-Director's Swiss sytem"]
[Site "playchess.com #662980"]
[Date "2014.03.16"]
[Round "3"]
[White "Marcelciubotariu"]
[Black "UrkhanSG"]
[Result "0-1"]
[WhiteElo "1673"]
[BlackElo "1985"]
[PlyCount "120"]
[EventDate "2014.03.16"]
[EventType "swiss (blitz)"]

1. d4 {[%emt 0:00:08]} Nf6 {[%emt 0:00:01]} 2. Nf3 {[%emt 0:00:02]} c5 {[%emt
0:00:01]} 3. e3 {[%emt 0:00:06]} e6 {[%emt 0:00:02]} 4. Bd3 {[%emt 0:00:02]} b6
{[%emt 0:00:02]} 5. O-O {[%emt 0:00:03]} Bb7 {[%emt 0:00:06]} 6. Nbd2 {[%emt 0:
00:01]} Be7 {[%emt 0:00:01]} 7. b3 {[%emt 0:00:02]} O-O {[%emt 0:00:01]} 8. Bb2
{[%emt 0:00:01]} d6 {[%emt 0:00:01]} 9. dxc5 {[%emt 0:00:04]} bxc5 {[%emt 0:00:
01]} 10. Qe2 {[%emt 0:00:02]} a5 {[%emt 0:00:02]} 11. a4 {[%emt 0:00:10]} Nc6 {
[%emt 0:00:01]} 12. Nc4 {[%emt 0:00:42]} Nb4 {[%emt 0:00:04]} 13. Nfd2 {[%emt
0:00:19]} Nxd3 {[%emt 0:00:02]} 14. Qxd3 {[%emt 0:00:02]} Qc7 {[%emt 0:00:01]}
15. Na3 {[%emt 0:00:06]} Rfd8 {[%emt 0:00:12]} 16. Nb5 {[%emt 0:00:02]} Qc6 {
[%emt 0:00:01]} 17. f3 {[%emt 0:00:22]} d5 {[%emt 0:00:01]} 18. Rfd1 {[%emt 0:
00:03]} Rac8 {[%emt 0:00:05]} 19. Qe2 {[%emt 0:00:13]} c4 {[%emt 0:00:06]} 20.
Bc3 {[%emt 0:00:09]} Bb4 {[%emt 0:00:09]} 21. Bxb4 {[%emt 0:00:06]} axb4 {
[%emt 0:00:01]} 22. e4 {[%emt 0:00:15]} c3 {[%emt 0:00:09]} 23. exd5 {[%emt 0:
00:05]} Qc5+ {[%emt 0:00:07]} 24. Kh1 {[%emt 0:00:06]} cxd2 {[%emt 0:00:02]}
25. dxe6 {[%emt 0:00:07]} fxe6 {[%emt 0:00:02]} 26. Rxd2 {[%emt 0:00:22]} Rxd2
{[%emt 0:00:03]} 27. Qxd2 {[%emt 0:00:01]} Qd5 {[%emt 0:00:06]} 28. Qxb4 {
[%emt 0:00:24]} Rxc2 {[%emt 0:00:03]} 29. Nd4 {[%emt 0:00:35]} Rc7 {[%emt 0:00:
59]} 30. Re1 {[%emt 0:00:30]} Qc5 {[%emt 0:00:45]} 31. Qxc5 {[%emt 0:00:08]}
Rxc5 {[%emt 0:00:00]} 32. Nxe6 {[%emt 0:00:05]} Rc3 {[%emt 0:00:01]} 33. b4 {
[%emt 0:00:10]} Nd5 {[%emt 0:00:01]} 34. Nc5 {[%emt 0:00:03]} Bc6 {[%emt 0:00:
07]} 35. Ne4 {[%emt 0:00:12]} Ra3 {[%emt 0:00:13]} 36. b5 {[%emt 0:00:01]} Bd7
{[%emt 0:00:06]} 37. Nc5 {[%emt 0:00:04]} Bf5 {[%emt 0:00:07]} 38. h3 {[%emt 0:
00:03]} Nc3 {[%emt 0:00:03]} 39. Re8+ {[%emt 0:00:08]} Kf7 {[%emt 0:00:01]} 40.
Re5 {[%emt 0:00:01]} Kf6 {[%emt 0:00:04]} 41. Re3 {[%emt 0:00:03]} Nxb5 {[%emt
0:00:01]} 42. Rxa3 {[%emt 0:00:04]} Nxa3 {[%emt 0:00:01]} 43. a5 {[%emt 0:00:
01]} Nb5 {[%emt 0:00:04]} 44. a6 {[%emt 0:00:01]} Ke5 {[%emt 0:00:00]} 45. Nb3
{[%emt 0:00:02]} Bc8 {[%emt 0:00:03]} 46. Nc5 {[%emt 0:00:04]} Kd5 {[%emt 0:00:
02]} 47. Nd3 {[%emt 0:00:02]} Bxa6 {[%emt 0:00:02]} 48. Kh2 {[%emt 0:00:01]}
Bc8 {[%emt 0:00:01]} 49. Kg3 {[%emt 0:00:01]} Nd6 {[%emt 0:00:01]} 50. Nf2 {
[%emt 0:00:05]} Bb7 {[%emt 0:00:05]} 51. Ng4 {[%emt 0:00:02]} Ke6 {[%emt 0:00:
02]} 52. Ne3 {[%emt 0:00:01]} Nf5+ {[%emt 0:00:02]} 53. Nxf5 {[%emt 0:00:02]}
Kxf5 {[%emt 0:00:00]} 54. h4 {[%emt 0:00:01]} h5 {[%emt 0:00:01]} 55. Kh3 {
[%emt 0:00:02]} Kf4 {[%emt 0:00:01]} 56. Kh2 {[%emt 0:00:01]} g6 {[%emt 0:00:
02]} 57. Kh3 {[%emt 0:00:01]} Bxf3 {[%emt 0:00:03]} 58. gxf3 {[%emt 0:00:01]}
Kxf3 {[%emt 0:00:00]} 59. Kh2 {[%emt 0:00:01]} Kg4 {[%emt 0:00:00]} 60. Kg1 {
[%emt 0:00:01]} Kxh4 {[%emt 0:00:00] Marcelciubotariu resigns} 0-1

[Event "T-Director's Swiss sytem"]
[Site "playchess.com #662980"]
[Date "2014.03.16"]
[Round "6"]
[White "Mariofad"]
[Black "Henrid"]
[Result "0-1"]
[WhiteElo "1484"]
[BlackElo "1483"]
[PlyCount "78"]
[EventDate "2014.03.16"]
[EventType "swiss (blitz)"]

1. e4 {[%emt 0:00:01]} c5 {[%emt 0:00:05]} 2. c3 {[%emt 0:00:01]} d5 {[%emt 0:
00:06]} 3. e5 {[%emt 0:00:02]} d4 {[%emt 0:00:01]} 4. cxd4 {[%emt 0:00:01]}
cxd4 {[%emt 0:00:03]} 5. Nf3 {[%emt 0:00:01]} Nc6 {[%emt 0:00:02]} 6. d3 {
[%emt 0:00:01]} Bg4 {[%emt 0:00:03]} 7. Be2 {[%emt 0:00:01]} e6 {[%emt 0:00:01]
} 8. Bg5 {[%emt 0:00:05]} Qb6 {[%emt 0:00:03]} 9. b3 {[%emt 0:00:04]} g6 {
[%emt 0:00:04]} 10. Nbd2 {[%emt 0:00:02]} Bg7 {[%emt 0:00:01]} 11. Nc4 {[%emt
0:00:01]} Qb4+ {[%emt 0:00:12]} 12. Bd2 {[%emt 0:00:02]} Qe7 {[%emt 0:00:08]}
13. Bf4 {[%emt 0:00:12]} Bxf3 {[%emt 0:00:25]} 14. Bxf3 {[%emt 0:00:02]} Nh6 {
[%emt 0:00:02]} 15. Nd6+ {[%emt 0:00:15]} Kf8 {[%emt 0:00:03]} 16. Qd2 {[%emt
0:00:06]} Nf5 {[%emt 0:00:04]} 17. Bg5 {[%emt 0:00:02]} Qd7 {[%emt 0:00:23]}
18. Nxf5 {[%emt 0:00:12]} gxf5 {[%emt 0:00:06]} 19. Bf6 {[%emt 0:00:03]} Nxe5 {
[%emt 0:00:17]} 20. Qb4+ {[%emt 0:00:15]} Kg8 {[%emt 0:00:10]} 21. Bxg7 {[%emt
0:00:08]} Kxg7 {[%emt 0:00:06]} 22. Qxb7 {[%emt 0:00:03]} Qxb7 {[%emt 0:00:04]}
23. Bxb7 {[%emt 0:00:01]} Rab8 {[%emt 0:00:02]} 24. Ba6 {[%emt 0:00:02]} Kf6 {
[%emt 0:00:25]} 25. Rc1 {[%emt 0:00:03]} Rb6 {[%emt 0:00:10]} 26. Bc4 {[%emt 0:
00:20]} Rg8 {[%emt 0:00:08]} 27. g3 {[%emt 0:00:06]} Nxc4 {[%emt 0:00:20]} 28.
bxc4 {[%emt 0:00:11]} Rb2 {[%emt 0:00:05]} 29. Ra1 {[%emt 0:00:03]} a5 {[%emt
0:00:09]} 30. O-O {[%emt 0:00:01]} Rgb8 {[%emt 0:00:03]} 31. a3 {[%emt 0:00:21]
} Rd2 {[%emt 0:00:11]} 32. Rfd1 {[%emt 0:00:02]} Rbb2 {[%emt 0:00:01]} 33. Rxd2
{[%emt 0:00:12]} Rxd2 {[%emt 0:00:00]} 34. Rc1 {[%emt 0:00:01]} Rxd3 {[%emt 0:
00:01]} 35. c5 {[%emt 0:00:01]} Rc3 {[%emt 0:00:10]} 36. Rxc3 {[%emt 0:00:06]}
dxc3 {[%emt 0:00:06]} 37. c6 {[%emt 0:00:02]} Ke7 {[%emt 0:00:01]} 38. c7 {
[%emt 0:00:01]} Kd7 {[%emt 0:00:02]} 39. c8=Q+ {[%emt 0:00:02]} Kxc8 {[%emt 0:
00:02] Mariofad rinde} 0-1

[Event "T-Director's Swiss sytem"]
[Site "playchess.com #662980"]
[Date "2014.03.16"]
[Round "4"]
[White "Mariofad"]
[Black "Noelfumey"]
[Result "0-1"]
[WhiteElo "1489"]
[BlackElo "1473"]
[PlyCount "42"]
[EventDate "2014.03.16"]
[EventType "swiss (blitz)"]

1. e4 {[%emt 0:00:01]} d5 {[%emt 0:00:04]} 2. exd5 {[%emt 0:00:01]} Nf6 {[%emt
0:00:01]} 3. Bb5+ {[%emt 0:00:02]} Bd7 {[%emt 0:00:04]} 4. Bxd7+ {[%emt 0:00:
01]} Nbxd7 {[%emt 0:00:06]} 5. c4 {[%emt 0:00:01]} Nb6 {[%emt 0:00:02]} 6. b3 {
[%emt 0:00:02]} g6 {[%emt 0:00:06]} 7. Bb2 {[%emt 0:00:02]} Bg7 {[%emt 0:00:01]
} 8. Qe2 {[%emt 0:00:01]} O-O {[%emt 0:00:02]} 9. Nf3 {[%emt 0:00:02]} Re8 {
[%emt 0:00:13]} 10. O-O {[%emt 0:00:02]} e6 {[%emt 0:00:03]} 11. dxe6 {[%emt 0:
00:02]} Rxe6 {[%emt 0:00:01]} 12. Qd3 {[%emt 0:00:01]} Qxd3 {[%emt 0:00:03]}
13. Nc3 {[%emt 0:00:08]} Ne4 {[%emt 0:00:15]} 14. Rad1 {[%emt 0:00:09]} Rd8 {
[%emt 0:00:12]} 15. Ne1 {[%emt 0:00:13]} Nxc3 {[%emt 0:00:43]} 16. Nxd3 {[%emt
0:00:03]} Nxd1 {[%emt 0:00:05]} 17. Bxg7 {[%emt 0:00:02]} Rxd3 {[%emt 0:00:07]}
18. Rxd1 {[%emt 0:00:01]} Kxg7 {[%emt 0:00:02]} 19. f3 {[%emt 0:00:01]} Red6 {
[%emt 0:00:02]} 20. Kf2 {[%emt 0:00:01]} Rxd2+ {[%emt 0:00:03]} 21. Rxd2 {
[%emt 0:00:00]} Rxd2+ {[%emt 0:00:01] Mariofad rinde} 0-1

[Event "T-Director's Swiss sytem"]
[Site "playchess.com #662980"]
[Date "2014.03.16"]
[Round "2"]
[White "Mariofad"]
[Black "Saint-Michel"]
[Result "0-1"]
[WhiteElo "1515"]
[BlackElo "1664"]
[PlyCount "52"]
[EventDate "2014.03.16"]
[EventType "swiss (blitz)"]

1. e4 {[%emt 0:00:02]} e5 {[%emt 0:00:02]} 2. Nf3 {[%emt 0:00:04]} Nf6 {[%emt
0:00:01]} 3. d4 {[%emt 0:00:05]} Nxe4 {[%emt 0:00:03]} 4. Bd3 {[%emt 0:00:06]}
d5 {[%emt 0:00:01]} 5. Nxe5 {[%emt 0:00:03]} Be7 {[%emt 0:00:01]} 6. O-O {
[%emt 0:00:08]} O-O {[%emt 0:00:04]} 7. Nc3 {[%emt 0:00:22]} Nxc3 {[%emt 0:00:
06]} 8. bxc3 {[%emt 0:00:03]} f5 {[%emt 0:00:18]} 9. a4 {[%emt 0:00:58]} Nd7 {
[%emt 0:00:04]} 10. Nxd7 {[%emt 0:00:06]} Bxd7 {[%emt 0:00:04]} 11. c4 {[%emt
0:00:30]} c6 {[%emt 0:00:15]} 12. c5 {[%emt 0:00:07]} Bg5 {[%emt 0:00:14]} 13.
Qf3 {[%emt 0:00:12]} Bxc1 {[%emt 0:00:05]} 14. Rfxc1 {[%emt 0:00:04]} Qf6 {
[%emt 0:00:04]} 15. c3 {[%emt 0:00:06]} Rae8 {[%emt 0:00:05]} 16. Rab1 {[%emt
0:00:07]} Bc8 {[%emt 0:00:09]} 17. a5 {[%emt 0:00:10]} a6 {[%emt 0:00:04]} 18.
Rb4 {[%emt 0:00:15]} Re7 {[%emt 0:00:02]} 19. Rd1 {[%emt 0:00:15]} Rfe8 {[%emt
0:00:03]} 20. Rbb1 {[%emt 0:00:05]} Qg5 {[%emt 0:00:18]} 21. c4 {[%emt 0:00:24]
} f4 {[%emt 0:00:05]} 22. cxd5 {[%emt 0:00:05]} Bg4 {[%emt 0:00:02]} 23. Qxg4 {
[%emt 0:00:28]} Qxg4 {[%emt 0:00:03]} 24. dxc6 {[%emt 0:00:01]} f3 {[%emt 0:00:
07]} 25. Bc4+ {[%emt 0:00:14]} Kf8 {[%emt 0:00:05]} 26. Bd5 {[%emt 0:00:05]}
Qxg2# {[%emt 0:00:03]} 0-1

[Event "T-Director's Swiss sytem"]
[Site "playchess.com #662980"]
[Date "2014.03.16"]
[Round "5"]
[White "Martilvov"]
[Black "Dusica"]
[Result "1-0"]
[WhiteElo "1710"]
[BlackElo "1710"]
[PlyCount "55"]
[EventDate "2014.03.16"]
[EventType "swiss (blitz)"]

1. d4 {[%emt 0:00:01]} d5 {[%emt 0:00:06]} 2. Nf3 {[%emt 0:00:02]} Nc6 {[%emt
0:00:02]} 3. e3 {[%emt 0:00:06]} Bg4 {[%emt 0:00:02]} 4. Bb5 {[%emt 0:00:08]}
Qd6 {[%emt 0:00:02]} 5. Nc3 {[%emt 0:01:04]} O-O-O {[%emt 0:00:03]} 6. O-O {
[%emt 0:00:10]} Nf6 {[%emt 0:00:03]} 7. Be2 {[%emt 0:00:10]} h5 {[%emt 0:00:04]
} 8. Nb5 {[%emt 0:00:06]} Qd7 {[%emt 0:00:04]} 9. c4 {[%emt 0:00:08]} a6 {
[%emt 0:00:02]} 10. a4 {[%emt 0:00:10]} axb5 {[%emt 0:00:04]} 11. axb5 {[%emt
0:00:04]} Nb8 {[%emt 0:00:03]} 12. Ne5 {[%emt 0:00:02]} Qe6 {[%emt 0:00:06]}
13. f3 {[%emt 0:00:05]} Bf5 {[%emt 0:00:02]} 14. cxd5 {[%emt 0:00:04]} Qxd5 {
[%emt 0:00:16]} 15. Ra8 {[%emt 0:00:09]} b6 {[%emt 0:00:09]} 16. Nc6 {[%emt 0:
00:06]} Kd7 {[%emt 0:00:05]} 17. Bc4 {[%emt 0:00:06]} Nxc6 {[%emt 0:00:12]} 18.
Bxd5 {[%emt 0:00:10]} Nxd5 {[%emt 0:00:07]} 19. bxc6+ {[%emt 0:00:03]} Ke6 {
[%emt 0:00:08]} 20. Rxd8 {[%emt 0:00:04]} Bg6 {[%emt 0:00:02]} 21. Qb3 {[%emt
0:00:06]} Kf6 {[%emt 0:00:04]} 22. Qxd5 {[%emt 0:00:04]} e6 {[%emt 0:00:01]}
23. Qe5+ {[%emt 0:00:03]} Ke7 {[%emt 0:00:04]} 24. Qxc7+ {[%emt 0:00:01]} Kf6 {
[%emt 0:00:01]} 25. e4 {[%emt 0:00:03]} Bh7 {[%emt 0:00:04]} 26. Qg3 {[%emt 0:
00:33]} g6 {[%emt 0:00:07]} 27. Qe5+ {[%emt 0:00:06]} Ke7 {[%emt 0:00:02]} 28.
Bg5+ {[%emt 0:00:00] Dusica resigns} 1-0